| 000 | 01033nam a2200277Ia 4500 | ||
|---|---|---|---|
| 003 | OSt | ||
| 005 | 20220923211357.0 | ||
| 006 | a|||||r|||| 00| 0 | ||
| 007 | ta | ||
| 008 | 220922b |||||||| |||| 00| 0 hin d | ||
| 020 |
_a9788188285525 (hbk) _c500 |
||
| 024 | _a353,069 | ||
| 037 |
_b256, 18/12/2019, Eastern Book Linkers _cTextual |
||
| 040 |
_aARTS _cARTS _bhin |
||
| 041 |
_2hin _ahin |
||
| 082 | _aO152,3x, Q9 | ||
| 100 | _aराम विलास, ले. | ||
| 245 | 0 | _aभारत की श्रेष्ठ पौराणिक कथाएं | |
| 246 | _aBhārat kī shreṣhṭha paurāṇik kathāean | ||
| 260 |
_aदिल्ली _b नया साहित्य केन्द्र _c2019 |
||
| 300 |
_a256पृ. _ccm. |
||
| 650 |
_a हिन्दी साहित्य _9156264 |
||
| 650 | _aहिन्दी कहानी | ||
| 942 |
_hO152,3x, Q9 _cTEXL _2CC |
||
| 999 |
_c298904 _d298904 |
||